| 000 | 00000nam##2200000za#4500 |
| 001 | 9.638993 |
| 003 | CaOODSP |
| 005 | 20210624221940 |
| 007 | cr ||||||||||| |
| 008 | 150407|2007||||xxc|||||o f|0| 0 fre|d |
| 040 | |aCaOODSP|bfre |
| 043 | |an-cn--- |
| 086 | 1 |aM4-34/2006F-PDF |
| 110 | 1 |aCanada.|bRessources naturelles Canada. |bSecteur des sciences de la Terre. |
| 245 | 10|aSecteur des sciences de la terre - plan d'affaires 2006-2009 |h[ressource électronique] |
| 260 | |aOttawa - Ontario : |bRessources naturelles Canada. |cc2006. |
| 300 | |a51p.|bcarte en couleur, organigramme, tableaux, photographies |
| 500 | |aLe n° de catalogue (M4-34/2006F) et l'ISBN (978-1-662-73580-9) de l'édition imprimée ont été incorrectement copiés dans la version PDF. |
| 590 | |a11-13-Supp|b2011-08-04 |
| 691 | 07|aPlan d'affaires|2gcpds |
| 775 | 08|tEarth Sciences Sector business plan 2006-2009 |w(CaOODSP)9.694822 |
| 856 | 40|ahttp://publications.gc.ca|qPDF|s4823 Ko|uhttps://publications.gc.ca/collections/collection_2011/rncan-nrcan/M4-34-2006-fra.pdf |